| 000 | 01126nam a22002777a 4500 | ||
|---|---|---|---|
| 005 | 20240530110353.0 | ||
| 008 | 141229s2010 ua g b 000 0 ara d | ||
| 017 |
_a21666 _bمصر . دار الكتب المصرية |
||
| 020 | _a9770526452 | ||
| 040 | _aEG-CaGPL | ||
| 041 | 0 | _aara | |
| 082 | 0 | 4 |
_221 _a174\ _bع أ |
| 100 | 0 | _aعبدالرحمن الخطيب | |
| 245 | 1 | 2 |
_aالاخلاق المهنية و مواثيقها وعلاقتها بالعمل : _bرؤية نظرية تحليلية لواجبات العامل المهنية من المنظور الاجتماعى / _cعبدالرحمن الخطيب |
| 250 | _aط1 | ||
| 260 |
_aالقاهرة : _bمكتبة الانجلو المصرية ، _c2010 |
||
| 300 |
_a220 ص ؛ _c24 سم |
||
| 504 | _aيشتمل على ارجاعات ببليوجرافية | ||
| 650 | 0 | 4 | _aالاخلاق المهنية |
| 650 | 0 | 4 | _aالاداب الاجتماعية |
| 650 | 0 | 4 | _aالتلوث البيئى |
| 650 | 0 | 4 | _aالعنف ضدالاطفال |
| 650 | 0 | 4 | _aالسلوك الاجتماعى |
| 942 |
_2ddc _cBK |
||
| 999 |
_c60114 _d60114 |
||